000 005170000a22001810004500
003 MACL
005 20151211170938.0
008 151211b xxu||||| |||| 00| 0 eng d
040 _aMACL
_cMACL
041 _aHindi
082 _a741.642
100 _aडी एच लारेन्‍स
_919999
245 _aगुलदाउदी की महक
260 _bएस के पब्लिशर्स
_c2002
350 _a125
650 _aचिल्‍डन बुक
_9314
942 _cHIN
_k741.642
_2ddc
999 _c9796
_d9796